| 000 | 00704cab a2200217 4500 | ||
|---|---|---|---|
| 001 | WB3442-25 | ||
| 008 | 090401t1998 xxu||||| |||| 00| 0 eng d | ||
| 035 | _a(Sirsi) u89438 | ||
| 041 | _aeng | ||
| 245 | _aSafe as houses | ||
| 260 | _c1998 | ||
| 350 | _a0 | ||
| 490 |
_aSunday Business _v1 November 1998, 33(1) |
||
| 520 | _aSuggests that the prime residential market is more resilent to dramatic falls in house prices compared with the experiences of the late 1980s and early 1990s. | ||
| 650 | _aHOUSE PRICES | ||
| 650 | _aINTEREST RATES | ||
| 650 | _aPRIME RESIDENTIAL PROPERTY | ||
| 690 | _aPROPERTY-RESIDENTIAL PROPERTY-RESIDENTIAL PROPERTY MARKET | ||
| 942 | _n0 | ||
| 948 | _c03/11/1998 | ||
| 999 |
_c56580 _d56580 |
||